Pronunciation exercises in english
Guardat en:
| Autors principals: | , |
|---|---|
| Format: | Llibre |
| Idioma: | anglès |
| Publicat: |
Nueva York
Simon and Schuster
1963
|
| Col·lecció: | Dixson English Series
|
| Matèries: | |
| Etiquetes: |
Afegir etiqueta
Sense etiquetes, Sigues el primer a etiquetar aquest registre!
|
MARC
| LEADER | 00000nam a2200000 a 4500 | ||
|---|---|---|---|
| 001 | UCQ3273 | ||
| 003 | CL-VaPUC | ||
| 008 | 980817e19630000US |||||||||||||||||eng|d | ||
| 082 | 0 | 4 | |a 421.52 |b CLA |2 21 |
| 100 | 0 | |a Clarey, M. Elizabeth |e author |9 417318 | |
| 700 | 0 | |a Dixson, Robert J |e author |9 417319 | |
| 245 | 1 | 0 | |a Pronunciation exercises in english |
| 300 | |a 142 p | ||
| 942 | |c BK | ||
| 945 | |d 19980817 00:00:00 |a crobeson | ||
| 260 | |a Nueva York |b Simon and Schuster |c 1963 | ||
| 650 | 0 | |a Inglés |9 260023 | |
| 650 | 7 | |a PRONUNCIACION |2 CL-VaPUC |9 371723 | |
| 650 | 0 | |a Fonética |9 308371 | |
| 650 | 7 | |a ENSEÑANZA CORRECTIVA |2 CL-VaPUC |9 310280 | |
| 650 | 0 | |a Métodos de enseñanza |9 270413 | |
| 650 | 0 | |a Enseñanza de idiomas |9 339820 | |
| 650 | 0 | |a Educación lingüística |9 306506 | |
| 583 | |a last modification |c 20170823 12:51:52 |k Rodrigo Vera | ||
| 490 | 0 | |a Dixson English Series | |
| 999 | |c 273869 |d 273867 | ||
| 952 | |0 0 |1 0 |4 0 |6 421_520000000000000_CLA_1963 |7 0 |8 A |9 309813 |a BIBEDU |b BIBEDU |d 2019-11-20 |i 1454897 |o 421.52 CLA 1963 |p 1454897 |r 2019-11-20 |w 2019-11-20 |y BK |k LIT | ||
| 952 | |0 0 |1 0 |4 0 |6 421_520000000000000_CLA_1963 |7 0 |8 A |9 309814 |a BIBEDU |b BIBEDU |d 2019-11-20 |i 1454919 |o 421.52 CLA 1963 |p 1454919 |r 2019-11-20 |w 2019-11-20 |y BK |k LIT | ||
| 952 | |0 0 |1 0 |4 0 |6 421_520000000000000_CLA_1963 |7 0 |8 A |9 309815 |a BIBEDU |b BIBEDU |d 2019-11-20 |i 1454927 |o 421.52 CLA 1963 |p 1454927 |r 2019-11-20 |w 2019-11-20 |y BK |k LIT | ||